| 000 | 00547nam a22001577a 4500 | ||
|---|---|---|---|
| 999 |
_c7584 _d7584 |
||
| 008 | 211221b ||||| |||| 00| 0 eng d | ||
| 040 |
_aCDMR _c0 |
||
| 245 |
_aÒscar Mirón, el fotògraf sensible _c/ [Editen: Diari Segre i Fundació Pública Institut d'Estudis Ilerdencs] |
||
| 260 |
_aLleida: _bEdicions de la Clamor, _c2021 |
||
| 300 |
_a95 pàgines _b: fotografies |
||
| 600 | 0 |
_94791 _aMirón, Òscar |
|
| 650 | 0 |
_91270 _aFotoperiodisme _zLleida |
|
| 710 | 2 |
_962 _aDiari Segre |
|
| 710 |
_93010 _aInstitut d'Estudis Ilerdencs |
||
| 942 |
_2udc _cMON |
||